| 000 | 00796nam a2200277Ia 4500 | ||
|---|---|---|---|
| 003 | OSt | ||
| 005 | 20220927105753.0 | ||
| 006 | a|||||r|||| 00| 0 | ||
| 007 | ta | ||
| 008 | 220926b |||||||| |||| 00| 0 eng d | ||
| 020 | _a9789211171365 | ||
| 024 | _a208533 | ||
| 037 | _cReference Collections | ||
| 040 |
_aRTL _cRTL _beng |
||
| 041 |
_2eng _aeng |
||
| 082 | _a"H4:(C47), Q7/UN" | ||
| 100 | _aUNECE | ||
| 110 | _aUNECE | ||
| 245 | 0 | _aApplication of the United Nations framework classification for resources to Geothermal Energy Resources | |
| 260 |
_a"Newyork," _bUNITED NATION _c2017 |
||
| 300 |
_a"xi,82p" _ccm. |
||
| 500 | _aBibliography: P 249-74 | ||
| 700 | _aUNECE | ||
| 942 |
_h"H4:(C47), Q7/UN" _cCC |
||
| 999 |
_c694537 _d694537 |
||